Estudio a nivel de perfil del proyecto construcción de un edificio para Biblioteca ubicado en la Comarca de Chácaraseca, municipio de León
La investigación presenta un proyecto de construcción de Biblioteca en la comarca Chácara seca, en la cual sustituirá un edificio ya existente en el Colegio Alberto Berrios debido a la antigua y deteriorada infraestructura. El sistema constructivo a utilizar es de mampostería confinada, con él...
| Main Author: | |
|---|---|
| Other Authors: | |
| Format: | Tesis Section = Libro |
| Language: | Undetermined Spanish |
| Published: |
Managua
UNI
2007
|
| Subjects: |
| LEADER | 01228nam a2200241Ia 4500 | ||
|---|---|---|---|
| 008 | 240830s9999 xx 000 0 und d | ||
| 040 | |a BIBLIOTECA-RUPAP T.Mon 332 B194 | ||
| 041 | |a spa | ||
| 082 | |a T.Mon 332 B194 | ||
| 100 | 1 | |a Balmaceda Somarriba, Edwin Pablo | |
| 245 | 1 | 0 | |a Estudio a nivel de perfil del proyecto construcción de un edificio para Biblioteca ubicado en la Comarca de Chácaraseca, municipio de León |
| 260 | |a Managua |b UNI |c 2007 | ||
| 300 | |a 66 p. :il. | ||
| 500 | |a Contiene: anexos. | ||
| 502 | |a Tesis (Ingeniero Civil)- UNI, 2007. | ||
| 520 | 3 | |a La investigación presenta un proyecto de construcción de Biblioteca en la comarca Chácara seca, en la cual sustituirá un edificio ya existente en el Colegio Alberto Berrios debido a la antigua y deteriorada infraestructura. El sistema constructivo a utilizar es de mampostería confinada, con él, fin de ajustarse a las condiciones propias del lugar, economía y funcionalidad de las instalaciones. | |
| 650 | 7 | |a CONSTRUCCION DE EDIFICIOS-PROYECTOS | |
| 650 | 7 | |b ESTUDIO DE MERCADO | |
| 650 | 7 | |c PROYECTOS DE DESARROLLO-INVERSION | |
| 700 | 1 | |a Tutor: |b Gutiérrez Mendoza, Carlos Antonio | |
| 942 | |c BK |2 ddc | ||
| 991 | |a TESIS | ||
| 999 | |c 18046 | ||